UM Logo

Business environment. (Record no. 5772)

MARC details
000 -LEADER
fixed length control field 00599nam a2200193 4500
008 - FIXED-LENGTH DATA ELEMENTS--GENERAL INFORMATION
fixed length control field 161118b xxu||||| |||| 00| 0 eng d
020 ## - INTERNATIONAL STANDARD BOOK NUMBER
International Standard Book Number 978-1-68250-187-0
082 ## - DEWEY DECIMAL CLASSIFICATION NUMBER
Edition number 2016
Classification number DC 658.20
Item number B96
245 ## - TITLE STATEMENT
Title Business environment.
260 ## - PUBLICATION, DISTRIBUTION, ETC. (IMPRINT)
Place of publication, distribution, etc. New York:
Name of publisher, distributor, etc. Magnum Publishing LLC,
Date of publication, distribution, etc. c2016.
300 ## - PHYSICAL DESCRIPTION
Extent xv, 208 pages:
Other physical details illustrations;
Dimensions 30 cm.
500 ## - GENERAL NOTE
General note Includes index.
650 #0 - SUBJECT ADDED ENTRY--TOPICAL TERM
9 (RLIN) 17629
Topical term or geographic name as entry element Industrial management
650 #0 - SUBJECT ADDED ENTRY--TOPICAL TERM
9 (RLIN) 17630
Topical term or geographic name as entry element Business
700 ## - ADDED ENTRY--PERSONAL NAME
9 (RLIN) 17631
Personal name David, Sergio A.
Relator term contributor
700 ## - ADDED ENTRY--PERSONAL NAME
9 (RLIN) 17632
Personal name Oliveira, Clivaldo
Relator term contributor
365 ## - TRADE PRICE
Price amount 6,395.00
Currency code Php
942 ## - ADDED ENTRY ELEMENTS (KOHA)
Source of classification or shelving scheme Dewey Decimal Classification
Koha item type Circulation
Holdings
Withdrawn status Lost status Source of classification or shelving scheme Damaged status Not for loan Collection code Home library Current library Date acquired Source of acquisition Cost, normal purchase price Total Checkouts Full call number Barcode Date last seen Copy number Price effective from Koha item type
    Dewey Decimal Classification     Circulation UM Digos College - LIC UM Digos College - LIC 10/27/2016 Purchased 6395.00   DC 658.20 B96 2016 24583 05/15/2025 1 11/18/2016 Circulation